Virginia Counties and Cities by Interstate Intersection - Statistics

General Stats
  • This quiz has been taken 13 times
  • The average score is 69 of 93
Answer Stats
Hint Answer % Correct
I-64 (City) Richmond
100%
I-95 (City) Richmond
100%
I-195 (City) Richmond
100%
I-95 (City) Alexandria
92%
I-395 (City) Alexandria
92%
I-495 (City) Alexandria
92%
I-64 (City) Charlottesville
92%
I-64 (City) Chesapeake
92%
I-264 (City) Chesapeake
92%
I-464 (City) Chesapeake
92%
I-664 (City) Chesapeake
92%
I-66 Fairfax
92%
I-95 Fairfax
92%
I-395 Fairfax
92%
I-495 Fairfax
92%
I-66 Frederick
92%
I-81 Frederick
92%
I-64 (City) Norfolk
92%
I-264 (City) Norfolk
92%
I-464 (City) Norfolk
92%
I-564 (City) Norfolk
92%
I-81 Roanoke
92%
I-581(City) Roanoke
92%
I-581 Roanoke
92%
I-64 (City) Virginia Beach
92%
I-264 (City) Virginia Beach
92%
I-66 Arlington
83%
I-395 Arlington
83%
I-95 (City) Fredericksburg
83%
I-664 (City) Hampton
83%
I-664 (City) Newport News
83%
I-66 Prince William
83%
I-95 Prince William
83%
I-81 Washington
83%
I-81 (City) Bristol
75%
I-381 (City) Bristol
75%
I-95 Caroline
75%
I-64 Goochland
75%
I-95 Hanover
75%
I-295 Hanover
75%
I-64 Henrico
75%
I-95 Henrico
75%
I-195 Henrico
75%
I-295 Henrico
75%
I-85 (City) Petersburg
75%
I-95 (City) Petersburg
75%
I-264 (City) Portsmouth
75%
I-81 Pulaski
75%
I-95 Spotsylvania
75%
I-95 Stafford
75%
I-66 Warren
75%
I-81 Warren
75%
I-77 Wythe
75%
I-81 Wythe
75%
I-64 York
75%
I-64 Albemarle
67%
I-95 Chesterfield
67%
I-295 Chesterfield
67%
I-95 (City) Colonial Heights
67%
I-95 (City) Emporia
67%
I-66 Fauquier
67%
I-81 (City) Harrisonburg
67%
I-295 (City) Hopewell
67%
I-64 Louisa
67%
I-81 Montgomery
67%
I-81 (City) Salem
67%
I-664 (City) Suffolk
67%
I-64 (City) Waynesboro
67%
I-81 Winchester
67%
I-64 Augusta
58%
I-81 Augusta
58%
I-81 Botetourt
58%
I-85 Brunswick
58%
I-85 Dinwiddie
58%
I-64 Fluvanna
58%
I-95 Greensville
58%
I-64 James City
58%
I-85 Mecklenburg
58%
I-64 Nelson
58%
I-95 Prince George
58%
I-295 Prince George
58%
I-64 Rockbridge
58%
I-81 Rockbridge
58%
I-81 Rockingham
58%
I-81 Smyth
58%
I-77 Bland
50%
I-77 Carroll
50%
I-64 (City) Covington
50%
I-81 (City) Radford
50%
I-95 Sussex
50%
I-64 Alleghany
42%
I-64 New Kent
42%
I-81 Shenendoah
33%
No matching quizzes found
Score Distribution
Percent of People with Each Score
Percentile by Number Answered
Your Score History
You have not taken this quiz